| 000 | 00536nam a2200205Ia 4500 | ||
|---|---|---|---|
| 003 | GCL | ||
| 008 | 140319s9999 xx 000 0 ara d | ||
| 040 |
_aGCL / _cGCL |
||
| 082 | 0 | 4 |
_a301.24 _bر ب |
| 100 | 1 | _aرجب البنا | |
| 245 | 1 | 0 |
_aالبحث عن المستقبل / _cرجب البنا |
| 300 | _a265 ص | ||
| 490 | _a | ||
| 650 | 0 | 4 | _aالتعليم |
| 650 | 0 | 4 | _aالثقافة العربية |
| 650 | 0 | 4 | _aالسلطة |
| 650 | 0 | 4 | _aالمستقبل |
| 650 | 0 | 4 | _aالجامعة العربية |
| 942 |
_2ddc _cBK |
||
| 999 |
_c37530 _d37530 |
||